Belgijscy sportowcy - nagła śmierć - Statystyki

Ogólne statystyki
  • Ten quiz został rozwiązany 45 razy
  • Średni wynik to 12 z 20
Answers on the Grid
Answers color-coded by a green-red scale on the quiz's grid according to % correct below.
Kevin De Bruyne
Antoine Griezmann
Eden Hazard
Robin van Persie
Kai Havertz
Eddy Merckx
Peter Sagan
Stephen Curry
Kim Clijsters
Kasper Schmeichel
Jonathan Borlée
Max Verstappen
Thibaut Courtois
Jordan Henderson
Wout van Aert
Frenkie de Jong
Romelu Lukaku
Justine Henin
Paul Pogba
Kévin Borlée
Mark Cavendish
Remco Evenepoel
Femke Bol
Dries Mertens
Matthijs de Ligt
Tadej Pogačar
Axel Witsel
David Goffin
Jan Vertonghen
Marco Reus
Christian Eriksen
Vital Heynen
Bruno Fernandes
Sven Kramer
Nafissatou Thiam
Dirk Nowitzki
Toby Alderweireld
Tom Boonen
David Coulthard
Luca Brecel
 
Statystyki odpowiedzi
Odpowiedź % Poprawnych
Kevin De Bruyne
100%
Eden Hazard
97%
Thibaut Courtois
85%
Romelu Lukaku
79%
Toby Alderweireld
74%
Jan Vertonghen
72%
Axel Witsel
67%
Dries Mertens
67%
Eddy Merckx
67%
Kim Clijsters
67%
Kévin Borlée
54%
Jonathan Borlée
49%
Wout van Aert
49%
Vital Heynen
46%
Remco Evenepoel
41%
Tom Boonen
36%
Justine Henin
33%
Nafissatou Thiam
31%
Luca Brecel
28%
David Goffin
26%
Nie znaleziono quizów pasujących do podanych kryteriów
Rozkład punktacji
Procent ludzi z każdym wynikiem
Percentyl według liczby udzielonych odpowiedzi
Twoja historia wyników
Nie rozwiązałeś tego quizu